<?xml version="1.0" encoding="UTF-8"?>
<collection xmlns="http://www.loc.gov/MARC21/slim">
  <record>
    <leader>00000nam  2200000   4500</leader>
    <datafield tag="260" ind1="#" ind2="#">
      <subfield code="a">Jakarta :</subfield>
      <subfield code="b">Pusbangkom Pimnas dan Manajerial ASN,</subfield>
      <subfield code="c">2024</subfield>
    </datafield>
    <controlfield tag="Wor">$a 73</controlfield>
    <datafield tag="856" ind1="#" ind2="#">
      <subfield code="a">Perpustakaan Pusat LAN</subfield>
    </datafield>
    <datafield tag="740" ind1="#" ind2="#">
      <subfield code="a"/>
    </datafield>
    <datafield tag="700" ind1=" " ind2="#">
      <subfield code="a"/>
    </datafield>
    <datafield tag="650" ind1=" " ind2="#">
      <subfield code="a">Inovasi Ekonomi</subfield>
    </datafield>
    <datafield tag="520" ind1=" " ind2="#">
      <subfield code="a">Proyek Perubahan yang berjudul “Kolaborasi Strategis Pemanfaatan Riset&#13;
dan Inovasi untuk Pertumbuhan Ekonomi Masyarakat Pesisir” ini bertujuan&#13;
untuk: 1).Mendorong pemanfaatan potensi kelautan dan perikanan oleh&#13;
masyarakat pesisir dengan optimal dan berkelanjutan, melalui dukungan&#13;
riset dan inovasi – dalam konteks mendorong ekonomi biru; dan&#13;
2).Menghasilkan kebijakan Deputi Pemanfaatan Riset dan Inovasi BRIN&#13;
tentang peningkatan pemanfaatan riset dan inovasi melalui suatu platform&#13;
kolaborasi strategis, untuk mendorong pertumbuhan ekonomi masyarakat&#13;
pesisir. Selama periode implementasi yang berlangsung sejak 18 September&#13;
sd. 3 Desember 2024 ini, masukan-masukan dari narasumber pada saat&#13;
Seminar Rancangan Proyek Perubahan telah dipenuhi. Demikian pula, 5&#13;
(lima) target pada Milestone jangka pendek yang telah ditetapkan di dalam&#13;
Rancangan Proyek Perubahan telah berhasil dicapai seluruhnya. Dukungan&#13;
yang berhasil diperoleh berjumlah 51 dukungan kolaborasi dari berbagai&#13;
sektor, dan meliputi berbagai tingkatan (lokal – nasional – internasional).&#13;
Untuk penyebarluasan ide dan gerakan Proyek Perubahan telah dilakukan&#13;
strategi pemasaran berupa multitrack marketing melalui berbagai platform&#13;
media sosial. Pembentukan organisasi pembelajar guna memastikan&#13;
keberlangsungan Proyek Perubahan juga dilakukan; selaras dengan&#13;
dilakukannya pengembangan kompetensi pribadi, kompetensi Tim Efektif&#13;
dan kompetensi mitra kolaborasi. Secara umum, Proyek Perubahan sudah&#13;
terimplementasikan secara efektif. Nilai lebih dari Proyek Perubahan ini&#13;
adalah pada: 1).mobilisasi sumberdaya melalui kolaborasi strategis, dan&#13;
2).berfokus pada isu tertentu – dalam hal ini pertumbuhan ekonomi&#13;
masyarakat pesisir (dalam kerangka pengembangan ekonomi biru)</subfield>
    </datafield>
    <datafield tag="338" ind1="#" ind2="#">
      <subfield code="a"/>
    </datafield>
    <datafield tag="337" ind1="#" ind2="#">
      <subfield code="a"/>
    </datafield>
    <datafield tag="336" ind1="#" ind2="#">
      <subfield code="a"/>
    </datafield>
    <datafield tag="300" ind1="#" ind2="#">
      <subfield code="a">47</subfield>
      <subfield code="b">0</subfield>
      <subfield code="c">30 cm</subfield>
      <subfield code="e"/>
    </datafield>
    <controlfield tag="001">$a INLIS000000000020834</controlfield>
    <datafield tag="246" ind1="#" ind2="#">
      <subfield code="a"/>
    </datafield>
    <datafield tag="245" ind1="#" ind2="#">
      <subfield code="a">Kolaborasi Strategi Pemenfaatan Riset Dan Inovasi Untuk Pertumbuhan Ekonomi Masyarakat Pesisir</subfield>
      <subfield code="b"/>
      <subfield code="c">R Hendrian</subfield>
    </datafield>
    <datafield tag="100" ind1=" " ind2="#">
      <subfield code="a">R Hendrian</subfield>
    </datafield>
    <datafield tag="084" ind1="#" ind2="#">
      <subfield code="a">R 0050 PKN I 2024</subfield>
    </datafield>
    <datafield tag="082" ind1="#" ind2="#">
      <subfield code="a"/>
    </datafield>
    <datafield tag="035" ind1="#" ind2="#">
      <subfield code="a">0010-0226000004</subfield>
    </datafield>
    <datafield tag="022" ind1="#" ind2="#">
      <subfield code="a"/>
    </datafield>
    <controlfield tag="008">$a 260227###########################0######</controlfield>
    <controlfield tag="005">$a 20260227094227</controlfield>
  </record>
</collection>
